Caracterización de las propiedades físico-químicas de asfalto original, asfalto espumado y residuo de emulsión asfáltica
Uloženo v:
| Hlavní autor: | |
|---|---|
| Médium: | Kniha |
| Jazyk: | Spanish |
| Vydáno: |
San José, Costa Rica
2018
|
| Témata: | |
| Tagy: |
Přidat tag
Žádné tagy, Buďte první, kdo vytvoří štítek k tomuto záznamu!
|
MARC
| LEADER | 00000nam a22000007a 4500 | ||
|---|---|---|---|
| 003 | 012883 | ||
| 005 | 20221231144323.0 | ||
| 008 | 180625b2018 cr a|||| |||m 00| ||spa d | ||
| 040 | |c cru CEDI | ||
| 090 | |a TFG 8034 | ||
| 100 | |9 12444 |a Pacheco Fallas, Juan Francisco | ||
| 245 | |a Caracterización de las propiedades físico-químicas de asfalto original, asfalto espumado y residuo de emulsión asfáltica | ||
| 260 | |a San José, Costa Rica |c 2018 | ||
| 300 | |a xviii, 153 hojas :ilustraciones a color | ||
| 500 | |a Proyecto de graduación(licenciatura en ingeniería química)--Universidad de Costa Rica. Facultad de Ingeniería. Escuela de Ingeniería Química | ||
| 651 | |x PAVIMENTOS DE ASFALTO - DISEÑO Y CONSTRUCCION |x ASFALTO |x TECNOLOGIA |x MEZCLAS DE EMULSION ASFALTICA - PRUEBAS |x ASFALTO - ANALISIS QUIMICO |9 12445 | ||
| 942 | |c TFG | ||
| 999 | |c 20103 |d 20103 | ||
